| 000 | 00636nam a2200217 a 4500 | ||
|---|---|---|---|
| 999 |
_c10060 _d10060 |
||
| 001 | 10060 | ||
| 003 | BD-JhCC | ||
| 005 | 20180405092419.0 | ||
| 008 | 180405s1375 bg |||| |||a 000 0 ben d | ||
| 035 | _a(BD-JhCC)10060 | ||
| 040 |
_aBD-JhCC _dBD-JhCC |
||
| 041 | _aben | ||
| 082 |
_a891.4415 _bKHO 1375 |
||
| 100 | _aথোদা, এ ফজল | ||
| 245 |
_aসূর্য স্বর্ণ দ্বীপ / _cফজল-এ-থোদা, |
||
| 260 |
_aঢাকা : _bনওরোজ কিতাবিস্তান, _c1375 |
||
| 300 |
_a48 p. : _c23 cm. |
||
| 650 | _aBengali Poem | ||
| 942 |
_2ddc _cBK |
||